00553nam a2200181 a 45000010010000000030011000100080041000210350026000620820015000881000015001032450051001182600053001696500011002229420012002339520091002459980020003369990015003560000-8757ELIB.Books110520 2007  a(ELIB.Books)0000-8903 aB.Th bMer aMercy, Naw aTheology of Paul in the Epistle of Philippians bInsein: Karen Baptist Theolgical Seminary c2007 aThesis 2ddccBK 00102ddc4070aKBTSbKBTSd2011-05-20l0p30297r2022-01-22 00:00:00w2022-01-22yBK cbate2011-05-20 c8757d8757